LEADER 01440nam a2200301 4500 001 000000362481 003 CaOOAMICUS 005 20250417114806.0 008 250407s2006 it 000 u ita r 020 $a88-498-1446-1 040 $aSeMil$bita 100 1 $aLinz, Juan J. <1926-2013>.$0(OLS)http://semarc/name/16422 240 10$aTotalitarian and authoritarian regimes.$0(OLS)http://semarc/title/453397 245 10$aSistemi totalitari e regimi autoritari :$bun'analisi storico-comparativa /$cJuan J. Linz ; introduzione di Alessandro Campi. 264 1$aSoveria Mannelli :$bRubbettino,$c2006. 300 $aLII, 484 p. ;$c23 cm 490 1 $aSaggi. Scienza politica ;$v171 650 4$aTotalitarismo.$0(OLS)http://semarc/subject/2584 650 4$aStato autoritario.$0(OLS)http://semarc/subject/57434 700 1 $aCampi, Alessandro,$d<1961- >.$0(OLS)http://semarc/name/118329 830 0$aSaggi. Scienza politica ;$v171.$0(OLS)http://semarc/title/453401 850 $aSeMil 852 $aSeMil$W1$xVenegono$y1$m3V IV 279$j256102$B253402$CSeMilBibl$Z2$F253402 $81 961 $aBuzzi mons. Franco - Omaggio 996 $6020$a88-498-1446-1$9(OLS)http://semarc/number/302951 996 $6245$aSistemi totalitari e regimi autoritari :$bun'analisi storico-comparativa$9(OLS)http://semarc/title/453399 996 $6264$aSoveria Mannelli :$bRubbettino$9(OLS)http://semarc/publisher/32145 LEADER 01409nam a2200301 i 4500 001 000000041285 003 CaOOAMICUS 005 20110202000000.0 008 110202s1990 au u000 u ger u 013 $a12455 020 $a3-88096-286-3 040 $aSeMil$bita 245 10$aWozu Bilder im Christentum? :$bBeiträge zur theologischen Kunsttheorie /$cAlex Stock (Hg.) 260 $aSt. Ottilien :$bEOS,$c1990. 300 $aXII, 292 p. :$b[7] p. di tav., ill. ;$c24 cm. 490 0 $aPietas liturgica : interdisziplinäre Beiträge zur Liturgiewissenschaft ;$v6 650 4$aIcone.$0(OLS)http://semarc/subject/1633 650 4$aImmagini sacre.$0(OLS)http://semarc/subject/6118 650 4$aLiturgia.$0(OLS)http://semarc/subject/1618 650 4$aEstetica - Teologia.$0(OLS)http://semarc/subject/8746 700 1 $aStock, Alex.$0(OLS)http://semarc/name/20293 830 0$aPietas liturgica : interdisziplinäre Beiträge zur Liturgiewissenschaft ;$v6.$0(OLS)http://semarc/title/281 850 $aSeMil 852 $aSeMil$W1$xVenegono$y1$m3K V 436$j7440$B7440$CSeMilBibl$Z2$F7440 $81 961 $aSottoscrizione: Casa editrice 996 $6020$a3-88096-286-3$9(OLS)http://semarc/number/11985 996 $6245$aWozu Bilder im Christentum? :$bBeiträge zur theologischen Kunsttheorie$9(OLS)http://semarc/title/59722 996 $6260$aSt. Ottilien :$bEOS$9(OLS)http://semarc/publisher/29736